| 000 | 00412 a2200073 4500 | ||
|---|---|---|---|
| 245 | 0 |
_aWymagania techniczne i eksploatacyjne dla elektronicznych aparatów telefonicznych CB ogólnego przeznaczenia pracujących z analogowym łączem telefonicznym : _bzałącznik nr 18 do Rozporządzenia Ministra Łączności z dnia 16 lipca 1993 r. / _c. |
|
| 710 | 2 |
_aMŁ. _eWydawca _4pbl |
|
| 260 |
_aWarszawa : _bMŁ, _c1993. |
||
| 300 |
_a21 s.: _bil.; _c30 cm. |
||
| 999 |
_c11731 _d11731 |
||